000 00384nam a2200181Ia 4500
005 20250423100037.0
008 250422s9999 xx 000 0 und d
020 _a0582527112
050 _aPN 2093 .A44/
100 _aShakespeare, William
245 0 _aMacbeth
260 _aEssex
260 _bLongman
260 _c1965
300 _a256 p
650 _aPlay
942 _cBK
999 _c32114
_d32114